BHARTIYA CHINTAN PARMPARA KE VAHAK (Record no. 26005)

MARC details
000 -LEADER
fixed length control field 00349nam a22001457a 4500
003 - CONTROL NUMBER IDENTIFIER
control field SGT
020 ## - INTERNATIONAL STANDARD BOOK NUMBER
International Standard Book Number 9788123780733
082 ## - DEWEY DECIMAL CLASSIFICATION NUMBER
Classification number 954.034
Item number B17D
100 ## - MAIN ENTRY--PERSONAL NAME
Personal name DIKSHIT, PARYAG NARAYAN
245 ## - TITLE STATEMENT
Title BHARTIYA CHINTAN PARMPARA KE VAHAK
260 ## - PUBLICATION, DISTRIBUTION, ETC. (IMPRINT)
Place of publication, distribution, etc INDIA
Name of publisher, distributor, etc RASTRIYA PUSTAK NAYAS
Year of Publication 2017
300 ## - PAGE DESCRIPTION
No. of Pages 190
650 ## - SUBJECT ADDED ENTRY--TOPICAL TERM
Topical term or geographic name as entry element MAHATMA GANDHI
942 ## - ADDED ENTRY ELEMENTS (KOHA)
Source of classification or shelving scheme Dewey Decimal Classification
Koha item type Books
Holdings
Withdrawn status Lost status Source of classification or shelving scheme Damaged status Not for loan Home library Current library Shelving location Date acquired Vendor Name Cost, normal purchase price SGTU Total Checkouts Full call number Accession No. (Barcode) Date last seen Bill Date Koha item type
    Dewey Decimal Classification   Not For Loan SGT Chancellor's Library SGT Chancellor's Library Reference Book 18/04/2024 SGT CHANCELLOR'S COLLECTION 225.00 SGTU   954.034 B17D CH183 18/04/2024 18/04/2024 Books